Approach to research methodology (Record no. 11265)
[ view plain ]
| 000 -LEADER | |
|---|---|
| fixed length control field | 00529nam a22001937a 4500 |
| 005 - DATE AND TIME OF LATEST TRANSACTION | |
| control field | 20220203121905.0 |
| 008 - FIXED-LENGTH DATA ELEMENTS--GENERAL INFORMATION | |
| fixed length control field | 220203b ||||| |||| 00| 0 eng d |
| 020 ## - INTERNATIONAL STANDARD BOOK NUMBER | |
| International Standard Book Number | 9789391661083 |
| 040 ## - CATALOGING SOURCE | |
| Original cataloging agency | IN-DiNC |
| Transcribing agency | IN-DiNC |
| 041 ## - LANGUAGE CODE | |
| Language code of sung or spoken text | English |
| 082 ## - DEWEY DECIMAL CLASSIFICATION NUMBER | |
| Classification number | 001.42/MAD |
| 100 ## - MAIN ENTRY--PERSONAL NAME | |
| Personal name | Madhukullya Samikshya |
| Relator term | Author |
| 245 ## - TITLE STATEMENT | |
| Title | Approach to research methodology |
| Statement of responsibility, etc. | by Samikshya Madhukullya |
| 250 ## - EDITION STATEMENT | |
| Edition statement | 1st ed. |
| 260 ## - PUBLICATION, DISTRIBUTION, ETC. | |
| Place of publication, distribution, etc. | Meerut |
| Name of publisher, distributor, etc. | Balaji publications |
| Date of publication, distribution, etc. | 2021 |
| 300 ## - PHYSICAL DESCRIPTION | |
| Extent | 428p. |
| 700 ## - ADDED ENTRY--PERSONAL NAME | |
| Personal name | Pranjit Hazarika |
| Relator term | Author |
| 942 ## - ADDED ENTRY ELEMENTS (KOHA) | |
| Source of classification or shelving scheme | Dewey Decimal Classification |
| Koha item type | Books |
| Withdrawn status | Lost status | Source of classification or shelving scheme | Damaged status | Not for loan | Collection code | Home library | Current library | Shelving location | Date acquired | Cost, normal purchase price | Total Checkouts | Full call number | Barcode | Date last seen | Copy number | Price effective from | Koha item type |
|---|---|---|---|---|---|---|---|---|---|---|---|---|---|---|---|---|---|
| Dewey Decimal Classification | Sociology | Central Library, Naharkatiya College | Central Library, Naharkatiya College | General Stacks | 03/02/2022 | 428.00 | 001.42/MAD | 28821 | 03/02/2022 | 1 | 03/02/2022 | Books |
